El partido Liberal Democrático: Su orijen, sus propósitos, sus deberes

Shranjeno v:
Bibliografske podrobnosti
Glavni avtor: Vicuña Mackenna, Benjamín, 1831-1886 (Author)
Format: Knjiga
Jezik:španščina
Izdano: Santiago Imprenta Franklin, Nataniel, 28 1876
Izdaja:1a. ed
Teme:
Oznake: Označite
Brez oznak, prvi označite!

MARC

LEADER 00000nam a2200000 a 4500
001 UCJ4515
003 CL-VaPUC
008 070124e18760000CL |||||||||||||||||spa|d
082 0 4 |a 983  |b VIC  |2 21 
100 |a Vicuña Mackenna, Benjamín,  |d 1831-1886  |x Político e historiador   |z Chile   |e author  |9 374 
245 1 3 |a El partido Liberal Democrático: Su orijen, sus propósitos, sus deberes 
250 |a 1a. ed 
300 |a 258, ii p 
942 |c BK 
945 |d 20070124 00:00:00  |a rinostro 
260 |a Santiago  |b Imprenta Franklin, Nataniel, 28  |c 1876 
650 0 |a Partidos políticos  |9 254999 
650 0 |a Discursos políticos  |9 373524 
650 7 |a DOCUMENTOS  |2 CL-VaPUC  |9 366450 
650 7 |a FUENTES  |2 CL-VaPUC  |9 255666 
650 0 |a Prensa y periodismo   |z Chile  |9 504409 
583 |a last modification  |c 20070124 00:00:00  |k Rodrigo Vera 
999 |c 320631  |d 320629 
952 |0 0  |1 0  |4 0  |6 983_000000000000000_VIC_1876  |7 0  |8 X  |9 399183  |a FDOBUD  |b FDOBUD  |d 2019-11-22  |i 102034K  |o 983 VIC 1876  |p 102034K  |r 2019-11-22  |w 2019-11-22  |y BK_X  |k BUD